000 00584nam a2200241 a 4500
001 nice12345678
003 IN_TiNIC
005 20260116012708.0
008 050524s1984 dela grp 000 0 urd
020 _a
_c18
082 0 0 _a297.8
_bMAU2
100 _aMaudoodi, Abul Aala
245 _aTahreek Awr Kaarkun
260 _aDelhi
_bMarkazi Maktaba Jamat-E-Islami
_c1984
300 _a244p
500 _aincludes index and biblioraphy
505 2 _aIndex
650 _aJamaat-E-Islami
700 1 _aMaudoodi, Abul Aala
902 _bSRS
942 _cBK
999 _c7988
_d7988